<?xml version="1.0" encoding="UTF-8"?>
<record
    xmlns:xsi="http://www.w3.org/2001/XMLSchema-instance"
    xsi:schemaLocation="http://www.loc.gov/MARC21/slim http://www.loc.gov/standards/marcxml/schema/MARC21slim.xsd"
    xmlns="http://www.loc.gov/MARC21/slim">

  <leader>00428nam a2200133Ia 4500</leader>
  <controlfield tag="008">211109s9999||||xx |||||||||||||| ||und||</controlfield>
  <datafield tag="082" ind1=" " ind2=" ">
    <subfield code="a">613.2</subfield>
    <subfield code="b">JUD-M</subfield>
  </datafield>
  <datafield tag="100" ind1=" " ind2=" ">
    <subfield code="a">Judith Jwurtman An D Margaret, </subfield>
  </datafield>
  <datafield tag="245" ind1=" " ind2="0">
    <subfield code="a">Managing Your Mind And Mood Throughg Food</subfield>
  </datafield>
  <datafield tag="260" ind1=" " ind2=" ">
    <subfield code="b">Current Books</subfield>
    <subfield code="a">Kottayam Bn 795</subfield>
    <subfield code="c">1900</subfield>
  </datafield>
  <datafield tag="630" ind1=" " ind2=" ">
    <subfield code="x">GENERAL STACK</subfield>
  </datafield>
  <datafield tag="650" ind1=" " ind2=" ">
    <subfield code="a">Technology</subfield>
    <subfield code="v">Medicine &amp; health</subfield>
    <subfield code="x">Personal health &amp; safetyGeneralia</subfield>
  </datafield>
  <datafield tag="942" ind1=" " ind2=" ">
    <subfield code="c">BOOK</subfield>
  </datafield>
  <datafield tag="952" ind1=" " ind2=" ">
    <subfield code="0">0</subfield>
    <subfield code="1">0</subfield>
    <subfield code="4">0</subfield>
    <subfield code="7">0</subfield>
    <subfield code="a">SBCL</subfield>
    <subfield code="b">SBCL</subfield>
    <subfield code="c">2</subfield>
    <subfield code="d">2021-11-09</subfield>
    <subfield code="l">0</subfield>
    <subfield code="o">613.2 JUD-M</subfield>
    <subfield code="p">00081045</subfield>
    <subfield code="r">2021-11-09 00:00:00</subfield>
    <subfield code="w">2021-11-09</subfield>
    <subfield code="y">BOOK</subfield>
  </datafield>
  <datafield tag="999" ind1=" " ind2=" ">
    <subfield code="c">39499</subfield>
    <subfield code="d">39499</subfield>
  </datafield>
</record>
